A centrális kollineáció és alkalmazásai az ábrázoló geometriában

Elmentve itt :
Bibliográfiai részletek
Szerző: Balássy Károly
További közreműködők: Vaskor András (Témavezető)
Dokumentumtípus: Szakdolgozat
Megjelent: 1987
Tárgyszavak:
Online Access:http://diploma.bibl.u-szeged.hu/121107
LEADER 00602nta a2200169 i 4500
001 dipl121107
005 20220202080145.0
008 220121s1987 hu om 0|| hun d
040 |a SZTE Diploma Repozitórium  |b hun 
041 |a hun 
100 1 |a Balássy Károly 
245 1 2 |a A centrális kollineáció és alkalmazásai az ábrázoló geometriában  |h [elektronikus dokumentum] /  |c Károly Balássy 
260 |c 1987 
650 4 |a Pedagógusképzés 
650 4 |a Mathematics 
700 1 |a Vaskor András  |e ths 
856 4 0 |u http://diploma.bibl.u-szeged.hu/id/eprint/121107/1/1987_balassy_karoly.pdf  |z Dokumentum-elérés